| 000 | 00555nam a2200193 i 4500 | ||
|---|---|---|---|
| 001 | 26208 | ||
| 003 | ES-MaACL | ||
| 005 | 20230906153413.0 | ||
| 007 | t| | ||
| 008 | 030108s1975 sp ||||1| spa d | ||
| 100 | 1 |
_aAróstegui, Antonio. _923166 |
|
| 245 | 1 | 3 |
_aEl marxismo y las tendencias marxistas / _cAntonio Arostegui. |
| 260 |
_aMadrid : _bMarsiega, _c[1975] |
||
| 300 |
_a108 p. ; _c21 cm. |
||
| 490 | 1 | _aFondo de cultura popular | |
| 830 | 0 |
_aFondo de cultura popular _9184310 |
|
| 852 |
_aES-MaACL _jE-7879 _bR.92187 |
||
| 999 |
_c26208 _d26208 |
||